Intermediate accounting

Đã lưu trong:
Bibliografiske detaljer
Format: Sách
Sprog:Undetermined
Udgivet:  McGraw-Hill/Irwin  2009
Fag:
Tags: Tilføj Tag
Ingen Tags, Vær først til at tagge denne postø!
Thư viện lưu trữ: Trung tâm Thư viện - Trường Đại học Công nghiệp TP. Hồ Chí Minh
LEADER 00397nam a2200133Ia 4500
001 UIH_05771
008 231011s9999 xx 000 0 und d
082 |a  657.044 
245 0 |a  Intermediate accounting 
260 |b  McGraw-Hill/Irwin 
260 |c  2009 
650 |a  Kế toán;  
927 |a Sách 
980 |a Trung tâm Thư viện - Trường Đại học Công nghiệp TP. Hồ Chí Minh